LEADER 01615nam a2200385 u 4500 001 000000042553 003 CaOOAMICUS 005 20070226114335.0 008 990304s1993 it u000 u ita u 020 $a8839907181 035 $a10816119 040 $aPUL(R)$bita 041 1 $aita$hger 100 1 $aLotz, Johannes Baptist,$cS.I.,$d1903-1992.$0(OLS)http://pul/name/3590 240 10$aVon Sein zum Heiligen.$lItaliano.$0(OLS)http://pul/title/57419 245 10$aDall'essere al sacro :$bil pensiero metafisico dopo Heidegger /$cJohannes B. Lotz ; postfazione di Giorgio Penzo. 260 $aBrescia :$bQueriniana,$c1993. 300 $a173 p. ;$c20 cm 490 1 $aGiornale di teologia ;$v218 504 $aBibliografia a pič pagina. 600 14$aHeidegger, Martin,$d1889-1976.$0(OLS)http://pul/subject/4860 650 4$aMetafisica.$0(OLS)http://pul/subject/433 700 1 $aPenzo, Giorgio.$0(OLS)http://pul/name/5703 830 0$aGiornale di teologia ;$v218.$0(OLS)http://pul/title/9027 850 $aPUL 852 $aPUL$W1$xSL Religione 3$y85$m200 GDT 1.218$j57481$nBK-PRI$qDDC 21$B57481$CPULBib$Z2$F57481 $82 852 $aPUL$W1$xDP1 Fondo Giannini$y60$m1561 C 3$j57482$nBK-PRI$b $qFondi$B57482$CPULBib$Z2$F57482 $81 941 1 $a9 941 1 $a1 961 $aINV: 72221 961 $aINV: Fondo Giannini 983 0$aGdT. 996 $6020$a8839907181$9(OLS)http://pul/number/53054 996 $6245$aDall'essere al sacro :$bil pensiero metafisico dopo Heidegger$9(OLS)http://pul/title/57420 996 $6260$aBrescia :$bQueriniana$9(OLS)http://pul/publisher/47906 LEADER 01388nam a2200289 u 4500 001 000000066076 003 CaOOAMICUS 005 20070226121532.0 008 020107s1977 nju u000 u eng u 035 $a10915267 040 $aPUL(R)$bita 100 1 $aLowe, Walter James.$0(OLS)http://pul/name/44350 245 10$aMystery & The Unconscious :$ba Study in the Thought of Paul Ricoeur /$cby Walter James Lowe. 260 $aMetuchen, N.Y. :$bThe Scarecrow Press :$bThe American Theological Library Association,$c1977. 300 $a184 p. ;$c22 cm 490 1 $aATLA monograph series ;$v9 500 $aBibliografia in nota. 600 14$aRicoeur, Paul,$d1913-2005$xCritica e interpretazione.$0(OLS)http://pul/subject/88 650 4$aInconscio e subconscio.$0(OLS)http://pul/subject/23684 650 4$aPsicanalisi e religione.$0(OLS)http://pul/subject/7775 830 0$aATLA monograph series ;$v9.$0(OLS)http://pul/title/87794 850 $aPUL 852 $aPUL$W1$xSL Filosofia 1$y2$m91 L 1$j85439$nBK-PRI$b $qStampati$B85439$CPULBib$Z2$F85439 $H $81 941 1 $a8 961 $aINV: 44943 996 $6245$aMystery & The Unconscious :$ba Study in the Thought of Paul Ricoeur$9(OLS)http://pul/title/87793 996 $6260$aMetuchen, N.Y. :$bThe Scarecrow Press :$bThe American Theological Library Association$9(OLS)http://pul/publisher/71277